| 000 | 00768cam a2200217 a 4500 | ||
|---|---|---|---|
| 001 | 000006523 | ||
| 005 | 20200929153938.0 | ||
| 008 | 830620s1981 cu acf b 001 0 spa | ||
| 040 |
_aDO-SdBNP _cDLC _dDLC |
||
| 050 | 0 | 0 |
_aPQ6619.I4 _bA6 1981c |
| 082 |
_annn _bJ61j |
||
| 100 | 1 |
_aJiménez, Juan Ramón, _d1881-1958. _98948 |
|
| 245 | 1 | 0 |
_aJuan Ramón Jiménez en Cuba / _cJuan Ramón Jiménez ; compilación y prólogo y notas de Cintio Vitier. |
| 260 |
_aLa Habana, Cuba : _bArte y Literatura, _c1981. |
||
| 300 |
_a175 p. : _bil., retrs. ; _c24 cm. |
||
| 500 | _aTextos sobre Juan Ramón Jiméne (p. 137-152). | ||
| 504 | _aIncluye referencias bibliográficas. | ||
| 700 | 1 |
_aVitier, Cintio, _d1921- _98807 |
|
| 910 | _aCatalogación por copia / LC | ||
| 049 | _aBNGR | ||
| 999 |
_c6314 _d6314 |
||